LEADER 01100cam0 22002893 450 001 SOB020375 005 20210426072412.0 010 $a8823840082 100 $a20040211d2002 |||||ita|0103 ba 101 $aita 102 $aIT 200 1 $a<>Project Finance nelle aziende pubbliche$estrumenti di finanziamento per enti locali e aziende sanitarie. Le novità della legge 166/2002$fFabio Amatucci$gpref.Elio Borgonovi 210 $aMilano$cEgea$d2002 215 $aXII, 348 p.$d24 cm 225 2 $aBiblioteca dell'economia dell'azienda 410 1$1001LAEC00018720$12001 $a*Biblioteca dell'economia dell'azienda 700 1$aAmatucci$b, Fabio$3AF00012850$4070$0438299 702 1$aBORGONOVI, Elio$3AF00023017$4070 801 0$aIT$bUNISOB$c20210426$gRICA 850 $aUNISOB 852 $aUNISOB$j330$m113795 912 $aSOB020375 940 $aM 102 Monografia moderna SBN 941 $aM 957 $a330$b001335$gSI$d113795$rACQUISTO$1Alfano$2UNISOB$3UNISOB$420210426072338.0$520210426072355.0$6Alfano 996 $aProject Finance nelle aziende pubbliche$9146059 997 $aUNISOB